00624nam a2200181Ia 4500001001000000003000500010008004100015010001100056040000900067100001800076245011700094260007400211300001000285440002900295650003400324650002400358710006000382Para_6654CHAP220125s1983 xx 000 0 und d a205501 cCHAP aClarke, O. S. aProblemas de protección de cultivos y estrategias de control para el Depatamento de Santa Cruz /c O.S. Clarke aSanta Cruz, Bolivia :b Centro de Investigación Agrícola Tropical a64 p. aDocumento de trabajo; 31 aControl biológico de plagas aCultivos x plagas  aCentro de Investigación Agrícola Tropical (Bolivia)